[Event "DEM U10 2021"]
[Site "Willingen GER"]
[Date "2021.08.28"]
[Round "9"]
[White "Rau, Eduard"]
[Black "Chua, Daniel James"]
[Result "1-0"]
[Termination "normal"]
[Board "6"]
[WhiteElo "1276"]
[BlackElo "1434"]
[WhiteClock "01:10:37"]
[BlackClock "01:00:20"]
[PlyCount "75"]
[WhiteFideId "16287231"]
[BlackFideId "34608354"]
[EventCountry "GER"]
[EventRounds "11"]
[EventType "swiss"]
[EventDate "2021.08.22"]

1. e4 {[%clk 01:15:59]} e5 {[%clk 01:15:54]} {[%emt 00:00:07]} 2. Nf3 {[%clk
01:16:25]} {[%emt 00:00:04]} Nc6 {[%clk 01:16:19]} {[%emt 00:00:04]} 3. Bb5
{[%clk 01:16:52]} {[%emt 00:00:03]} Nge7 {[%clk 01:16:43]} {[%emt 00:00:06]} 4.
c3 {[%clk 01:17:05]} {[%emt 00:00:17]} d6 {[%clk 01:17:06]} {[%emt 00:00:07]}
5. d4 {[%clk 01:17:30]} {[%emt 00:00:05]} Bd7 {[%clk 01:17:32]} {[%emt
00:00:04]} 6. O-O {[%clk 01:17:50]} {[%emt 00:00:10]} g6 {[%clk 01:17:57]}
{[%emt 00:00:05]} 7. Nbd2 {[%clk 01:17:52]} {[%emt 00:00:29]} Bg7 {[%clk
01:18:11]} {[%emt 00:00:14]} 8. Re1 {[%clk 01:17:49]} {[%emt 00:00:33]} O-O
{[%clk 01:18:26]} {[%emt 00:00:13]} 9. Nf1 {[%clk 01:18:19]} h6 {[%clk
01:18:36]} {[%emt 00:00:23]} 10. Ne3 {[%clk 01:17:49]} {[%emt 00:01:01]} f5
{[%clk 01:18:53]} {[%emt 00:00:13]} 11. dxe5 {[%clk 01:15:26]} {[%emt
00:02:52]} dxe5 {[%clk 01:17:14]} {[%emt 00:02:09]} 12. Nd5 {[%clk 01:15:21]}
{[%emt 00:00:35]} f4 {[%clk 01:17:04]} {[%emt 00:00:39]} 13. Bc4 {[%clk
01:15:15]} {[%emt 00:00:37]} Kh7 {[%clk 01:16:46]} {[%emt 00:00:45]} 14. b4
{[%clk 01:15:07]} {[%emt 00:00:42]} a6 {[%clk 01:16:55]} {[%emt 00:00:21]} 15.
Bb2 {[%clk 01:15:20]} {[%emt 00:00:16]} g5 {[%clk 01:16:33]} {[%emt 00:00:52]}
16. Bd3 {[%clk 01:14:35]} {[%emt 00:01:16]} g4 {[%clk 01:16:14]} {[%emt
00:00:49]} 17. Nd2 {[%clk 01:13:36]} {[%emt 00:01:28]} Ng6 {[%clk 01:15:57]}
{[%emt 00:00:44]} 18. g3 {[%clk 01:12:28]} {[%emt 00:01:42]} h5 {[%clk
01:14:36]} {[%emt 00:01:49]} 19. Bf1 {[%clk 01:10:30]} {[%emt 00:02:28]} h4
{[%clk 01:12:54]} {[%emt 00:02:12]} 20. Bg2 {[%clk 01:10:47]} {[%emt 00:00:13]}
hxg3 {[%clk 01:11:46]} {[%emt 00:01:38]} 21. hxg3 {[%clk 01:11:01]} {[%emt
00:00:17]} f3 {[%clk 01:11:43]} {[%emt 00:00:34]} 22. Bxf3 {[%clk 01:10:55]}
{[%emt 00:00:36]} gxf3 {[%clk 01:11:54]} {[%emt 00:00:19]} 23. Nxf3 {[%clk
01:11:18]} {[%emt 00:00:07]} Bg4 {[%clk 01:11:45]} {[%emt 00:00:38]} 24. Re3
{[%clk 01:10:32]} {[%emt 00:01:16]} Bh6 {[%clk 01:10:21]} {[%emt 00:01:53]} 25.
Rd3 {[%clk 01:10:44]} {[%emt 00:00:18]} Qc8 {[%clk 01:09:39]} {[%emt 00:00:54]}
26. Bc1 {[%clk 01:10:51]} {[%emt 00:00:42]} Nce7 {[%clk 01:08:22]} {[%emt
00:01:33]} 27. Bxh6 {[%clk 01:11:03]} {[%emt 00:00:32]} Kxh6 {[%clk 01:08:21]}
{[%emt 00:00:28]} 28. Qd2+ {[%clk 01:11:31]} {[%emt 00:00:05]} Kg7 {[%clk
01:05:39]} {[%emt 00:03:01]} 29. Nxe7 {[%clk 01:11:52]} {[%emt 00:00:21]} Nxe7
{[%clk 01:04:58]} {[%emt 00:01:09]} 30. Qg5+ {[%clk 01:12:06]} {[%emt
00:00:17]} Ng6 {[%clk 01:04:41]} {[%emt 00:00:47]} 31. Nxe5 {[%clk 01:12:22]}
{[%emt 00:00:14]} Bf5 {[%clk 01:00:03]} {[%emt 00:05:09]} 32. exf5 {[%clk
01:12:11]} {[%emt 00:00:40]} Rxf5 {[%clk 01:00:23]} {[%emt 00:00:10]} 33. Rd7+
{[%clk 01:12:03]} {[%emt 00:00:39]} Qxd7 {[%clk 01:00:10]} {[%emt 00:00:42]}
34. Qxg6+ {[%clk 01:09:04]} {[%emt 00:03:29]} Kh8 {[%clk 01:00:19]} {[%emt
00:00:20]} 35. Nxd7 {[%clk 01:09:25]} {[%emt 00:00:09]} Rd5 {[%clk 01:00:05]}
{[%emt 00:00:45]} 36. Nf6 {[%clk 01:09:49]} {[%emt 00:00:06]} Rd7 {[%clk
01:00:07]} {[%emt 00:00:27]} 37. Qh6+ {[%clk 01:10:11]} {[%emt 00:00:10]} Rh7
{[%clk 01:00:20]} {[%emt 00:00:16]} 38. Qxh7# {[%clk 01:10:37]} {[%emt
00:00:04]} 1-0

[Event "DEM U10 2021"]
[Site "Willingen GER"]
[Date "2021.08.28"]
[Round "9"]
[White "Sajka, Noah"]
[Black "Zhang, Yibo"]
[Result "1-0"]
[Termination "normal"]
[Board "7"]
[WhiteElo "1402"]
[BlackElo "1313"]
[WhiteClock "00:07:42"]
[BlackClock "00:09:43"]
[PlyCount "175"]
[WhiteFideId "34608192"]
[BlackFideId "16287657"]
[EventCountry "GER"]
[EventRounds "11"]
[EventType "swiss"]
[EventDate "2021.08.22"]

1. e4 {[%clk 01:15:58]} {[%emt 00:00:01]} e5 {[%clk 01:15:55]} {[%emt
00:00:06]} 2. Nf3 {[%clk 01:16:04]} {[%emt 00:00:25]} Nc6 {[%clk 01:16:12]}
{[%emt 00:00:12]} 3. Bb5 {[%clk 01:16:07]} {[%emt 00:00:27]} Nge7 {[%clk
01:16:27]} {[%emt 00:00:15]} 4. Nc3 {[%clk 01:15:57]} {[%emt 00:00:40]} g6
{[%clk 01:16:48]} {[%emt 00:00:09]} 5. d4 {[%clk 01:15:59]} {[%emt 00:00:28]}
exd4 {[%clk 01:17:08]} {[%emt 00:00:10]} 6. Nd5 {[%clk 01:15:59]} {[%emt
00:00:30]} Bg7 {[%clk 01:13:46]} {[%emt 00:03:52]} 7. Bg5 {[%clk 01:14:43]}
{[%emt 00:01:45]} f6 {[%clk 01:12:27]} {[%emt 00:01:50]} 8. Bxf6 {[%clk
01:14:20]} {[%emt 00:00:53]} Bxf6 {[%clk 01:12:35]} {[%emt 00:00:22]} 9. Nxf6+
{[%clk 01:14:31]} {[%emt 00:00:18]} Kf7 {[%clk 01:12:31]} {[%emt 00:00:35]} 10.
Nd5 {[%clk 01:11:11]} {[%emt 00:03:50]} Nxd5 {[%clk 01:12:00]} {[%emt
00:01:01]} 11. exd5 {[%clk 01:11:18]} {[%emt 00:00:22]} Re8+ {[%clk 01:12:16]}
{[%emt 00:00:14]} 12. Be2 {[%clk 01:11:06]} {[%emt 00:00:43]} Nb4 {[%clk
01:12:15]} {[%emt 00:00:32]} 13. O-O {[%clk 01:09:47]} {[%emt 00:01:48]} d6
{[%clk 01:09:18]} {[%emt 00:03:26]} 14. Qd2 {[%clk 01:06:35]} {[%emt 00:03:41]}
Nxd5 {[%clk 01:08:14]} {[%emt 00:01:36]} 15. Bc4 {[%clk 01:05:21]} {[%emt
00:01:44]} c6 {[%clk 01:04:31]} {[%emt 00:04:13]} 16. Qxd4 {[%clk 01:01:23]}
{[%emt 00:04:28]} Be6 {[%clk 01:04:23]} {[%emt 00:00:38]} 17. Qd2 {[%clk
00:58:54]} {[%emt 00:02:59]} Nc7 {[%clk 00:57:31]} {[%emt 00:07:21]} 18. Ng5+
{[%clk 00:53:37]} {[%emt 00:05:47]} Kg8 {[%clk 00:55:49]} {[%emt 00:02:13]} 19.
Nxe6 {[%clk 00:53:01]} {[%emt 00:01:06]} Nxe6 {[%clk 00:56:04]} {[%emt
00:00:14]} 20. Kh1 {[%clk 00:50:00]} {[%emt 00:03:31]} d5 {[%clk 00:55:56]}
{[%emt 00:00:39]} 21. Bd3 {[%clk 00:49:02]} {[%emt 00:01:28]} Rf8 {[%clk
00:53:25]} {[%emt 00:03:00]} 22. f4 {[%clk 00:47:52]} {[%emt 00:01:40]} Ng7
{[%clk 00:52:55]} {[%emt 00:01:01]} 23. Rf3 {[%clk 00:46:18]} {[%emt 00:02:04]}
Qh4 {[%clk 00:51:58]} {[%emt 00:01:26]} 24. Raf1 {[%clk 00:45:28]} {[%emt
00:01:20]} Nf5 {[%clk 00:48:38]} {[%emt 00:03:50]} 25. Rh3 {[%clk 00:44:00]}
{[%emt 00:01:56]} Qf6 {[%clk 00:47:12]} {[%emt 00:01:59]} 26. b3 {[%clk
00:41:27]} {[%emt 00:03:03]} Rae8 {[%clk 00:45:20]} {[%emt 00:02:21]} 27. g4
{[%clk 00:38:56]} {[%emt 00:03:01]} Nd6 {[%clk 00:43:36]} {[%emt 00:02:15]} 28.
f5 {[%clk 00:34:34]} {[%emt 00:04:51]} g5 {[%clk 00:40:57]} {[%emt 00:03:09]}
29. Rh5 {[%clk 00:33:50]} {[%emt 00:01:14]} Nf7 {[%clk 00:37:53]} {[%emt
00:03:35]} 30. h4 {[%clk 00:28:27]} {[%emt 00:05:53]} h6 {[%clk 00:34:45]}
{[%emt 00:03:38]} 31. hxg5 {[%clk 00:27:36]} {[%emt 00:01:20]} Nxg5 {[%clk
00:31:02]} {[%emt 00:04:14]} 32. Kg2 {[%clk 00:25:27]} {[%emt 00:02:38]} Qd4
{[%clk 00:27:39]} {[%emt 00:03:54]} 33. Rf4 {[%clk 00:15:39]} {[%emt 00:10:18]}
Qf6 {[%clk 00:23:43]} {[%emt 00:04:26]} 34. Qf2 {[%clk 00:14:04]} {[%emt
00:02:04]} b6 {[%clk 00:16:44]} {[%emt 00:07:30]} 35. a4 {[%clk 00:12:47]}
{[%emt 00:01:46]} Kg7 {[%clk 00:13:43]} {[%emt 00:03:32]} 36. a5 {[%clk
00:12:39]} {[%emt 00:00:39]} Rb8 {[%clk 00:10:01]} {[%emt 00:04:11]} 37. axb6
{[%clk 00:12:18]} {[%emt 00:00:51]} axb6 {[%clk 00:09:47]} {[%emt 00:00:43]}
38. Ra4 {[%clk 00:12:22]} {[%emt 00:00:26]} Rb7 {[%clk 00:08:04]} {[%emt
00:02:13]} 39. Rb4 {[%clk 00:11:13]} {[%emt 00:01:38]} c5 {[%clk 00:07:50]}
{[%emt 00:00:45]} 40. Ra4 {[%clk 00:11:09]} {[%emt 00:00:34]} b5 {[%clk
00:07:40]} {[%emt 00:00:41]} 41. Ra5 {[%clk 00:10:31]} {[%emt 00:01:08]} c4
{[%clk 00:07:38]} {[%emt 00:00:32]} 42. bxc4 {[%clk 00:09:55]} {[%emt
00:01:06]} bxc4 {[%clk 00:07:47]} {[%emt 00:00:21]} 43. Be2 {[%clk 00:09:52]}
{[%emt 00:00:33]} Rd8 {[%clk 00:04:32]} {[%emt 00:03:45]} 44. Rh1 {[%clk
00:09:01]} {[%emt 00:01:20]} d4 {[%clk 00:02:28]} {[%emt 00:02:34]} 45. Rd1
{[%clk 00:08:11]} {[%emt 00:01:21]} Qc6+ {[%clk 00:01:33]} {[%emt 00:01:25]}
46. Bf3 {[%clk 00:07:39]} {[%emt 00:01:00]} Nxf3 {[%clk 00:01:08]} {[%emt
00:00:57]} 47. Qxf3 {[%clk 00:08:04]} {[%emt 00:00:05]} Qxf3+ {[%clk 00:01:34]}
{[%emt 00:00:04]} 48. Kxf3 {[%clk 00:08:25]} {[%emt 00:00:09]} Rb2 {[%clk
00:01:04]} {[%emt 00:01:00]} 49. c3 {[%clk 00:06:06]} {[%emt 00:02:50]} Rb3
{[%clk 00:00:45]} {[%emt 00:00:48]} 50. Ra7+ {[%clk 00:04:07]} {[%emt
00:02:29]} Kg8 {[%clk 00:01:02]} {[%emt 00:00:13]} 51. Kf4 {[%clk 00:02:37]}
{[%emt 00:01:59]} Rxc3 {[%clk 00:14:34]} {[%emt 00:01:59]} 52. g5 {[%clk
00:17:49]} {[%emt 00:00:17]} hxg5+ {[%clk 00:14:49]} {[%emt 00:00:16]} 53. Kxg5
{[%clk 00:18:13]} {[%emt 00:00:06]} Rg3+ {[%clk 00:14:05]} {[%emt 00:01:14]}
54. Kf6 {[%clk 00:18:22]} {[%emt 00:00:20]} c3 {[%clk 00:13:46]} {[%emt
00:00:49]} 55. Ke7 {[%clk 00:16:36]} {[%emt 00:02:17]} c2 {[%clk 00:12:39]}
{[%emt 00:01:38]} 56. Rc1 {[%clk 00:15:32]} {[%emt 00:01:33]} Rc8 {[%clk
00:12:06]} {[%emt 00:01:03]} 57. Ra6 {[%clk 00:07:37]} {[%emt 00:08:24]} Re3+
{[%clk 00:09:35]} {[%emt 00:03:01]} 58. Kf6 {[%clk 00:07:20]} {[%emt 00:00:46]}
Rb3 {[%clk 00:08:37]} {[%emt 00:01:30]} 59. Rg1+ {[%clk 00:03:21]} {[%emt
00:04:28]} Kf8 {[%clk 00:08:15]} {[%emt 00:00:52]} 60. Rh1 {[%clk 00:03:45]}
{[%emt 00:00:06]} Ke8 {[%clk 00:07:46]} {[%emt 00:01:00]} 61. Rh8+ {[%clk
00:03:21]} {[%emt 00:00:53]} Kd7 {[%clk 00:08:07]} {[%emt 00:00:09]} 62. Ra7+
{[%clk 00:03:39]} {[%emt 00:00:12]} Kd6 {[%clk 00:07:21]} {[%emt 00:01:17]} 63.
Rxc8 {[%clk 00:03:50]} {[%emt 00:00:19]} d3 {[%clk 00:07:32]} {[%emt 00:00:19]}
64. Ra2 {[%clk 00:02:27]} {[%emt 00:01:52]} Kd7 {[%clk 00:07:08]} {[%emt
00:00:55]} 65. Rcxc2 {[%clk 00:02:48]} {[%emt 00:00:09]} dxc2 {[%clk 00:06:47]}
{[%emt 00:00:51]} 66. Rxc2 {[%clk 00:03:13]} {[%emt 00:00:04]} Rb6+ {[%clk
00:06:57]} {[%emt 00:00:20]} 67. Kg7 {[%clk 00:02:58]} {[%emt 00:00:45]} Rb7
{[%clk 00:06:46]} {[%emt 00:00:43]} 68. f6 {[%clk 00:02:59]} {[%emt 00:00:28]}
Rb3 {[%clk 00:05:38]} {[%emt 00:01:37]} 69. Rg2 {[%clk 00:03:07]} {[%emt
00:00:22]} Re3 {[%clk 00:03:36]} {[%emt 00:02:32]} 70. f7 {[%clk 00:02:49]}
{[%emt 00:00:48]} Re7 {[%clk 00:04:01]} {[%emt 00:00:06]} 71. Rd2+ {[%clk
00:03:01]} {[%emt 00:00:18]} Kc6 {[%clk 00:04:10]} {[%emt 00:00:20]} 72. Kf6
{[%clk 00:03:12]} {[%emt 00:00:19]} Rxf7 {[%clk 00:04:20]} {[%emt 00:00:20]}
73. Kxf7 {[%clk 00:03:34]} {[%emt 00:00:09]} Kc5 {[%clk 00:04:47]} {[%emt
00:00:03]} 74. Ke6 {[%clk 00:03:56]} {[%emt 00:00:08]} Kc4 {[%clk 00:05:11]}
{[%emt 00:00:06]} 75. Ke5 {[%clk 00:04:21]} {[%emt 00:00:05]} Kc3 {[%clk
00:05:34]} {[%emt 00:00:07]} 76. Rd8 {[%clk 00:04:37]} {[%emt 00:00:13]} Kc4
{[%clk 00:05:58]} {[%emt 00:00:07]} 77. Rd7 {[%clk 00:04:59]} {[%emt 00:00:08]}
Kc5 {[%clk 00:05:54]} {[%emt 00:00:34]} 78. Rc7+ {[%clk 00:05:23]} {[%emt
00:00:05]} Kb6 {[%clk 00:06:18]} {[%emt 00:00:07]} 79. Rc1 {[%clk 00:05:39]}
{[%emt 00:00:13]} Kb5 {[%clk 00:06:40]} {[%emt 00:00:08]} 80. Kd4 {[%clk
00:06:03]} {[%emt 00:00:07]} Kb6 {[%clk 00:07:03]} {[%emt 00:00:07]} 81. Kd5
{[%clk 00:06:25]} {[%emt 00:00:07]} Kb7 {[%clk 00:07:28]} {[%emt 00:00:06]} 82.
Rc6 {[%clk 00:06:14]} {[%emt 00:00:40]} Kb8 {[%clk 00:07:52]} {[%emt 00:00:07]}
83. Kc5 {[%clk 00:06:34]} {[%emt 00:00:10]} Kb7 {[%clk 00:08:09]} {[%emt
00:00:13]} 84. Kb5 {[%clk 00:06:48]} {[%emt 00:00:16]} Ka7 {[%clk 00:08:30]}
{[%emt 00:00:09]} 85. Rc7+ {[%clk 00:06:57]} {[%emt 00:00:20]} Ka8 {[%clk
00:08:53]} {[%emt 00:00:07]} 86. Ka6 {[%clk 00:07:17]} {[%emt 00:00:10]} Kb8
{[%clk 00:09:19]} {[%emt 00:00:05]} 87. Kb6 {[%clk 00:07:42]} {[%emt 00:00:05]}
Ka8 {[%clk 00:09:43]} {[%emt 00:00:05]} 88. Rc8# {[%emt 00:00:04]} 1-0

[Event "DEM U10 2021"]
[Site "Willingen GER"]
[Date "2021.08.28"]
[Round "9"]
[White "Radeke, Timothy"]
[Black "Nemitz, Alfred"]
[Result "0-1"]
[Termination "normal"]
[Board "8"]
[WhiteElo "1169"]
[BlackElo "1280"]
[WhiteClock "00:37:03"]
[BlackClock "00:26:49"]
[PlyCount "78"]
[WhiteFideId "16289412"]
[BlackFideId "34601791"]
[EventCountry "GER"]
[EventRounds "11"]
[EventType "swiss"]
[EventDate "2021.08.22"]

1. e4 {[%clk 01:15:57]} {[%emt 00:00:02]} d6 {[%clk 01:15:54]} {[%emt
00:00:06]} 2. d4 {[%clk 01:16:20]} {[%emt 00:00:07]} Nf6 {[%clk 01:16:17]}
{[%emt 00:00:07]} 3. Nc3 {[%clk 01:16:43]} {[%emt 00:00:07]} Nbd7 {[%clk
01:16:43]} {[%emt 00:00:04]} 4. f4 {[%clk 01:16:00]} {[%emt 00:01:14]} e5
{[%clk 01:16:56]} {[%emt 00:00:16]} 5. fxe5 {[%clk 01:16:25]} {[%emt 00:00:06]}
dxe5 {[%clk 01:17:20]} {[%emt 00:00:06]} 6. dxe5 {[%clk 01:16:47]} {[%emt
00:00:08]} Nxe5 {[%clk 01:17:35]} {[%emt 00:00:14]} 7. Qxd8+ {[%clk 01:17:02]}
{[%emt 00:00:16]} Kxd8 {[%clk 01:17:53]} {[%emt 00:00:11]} 8. Bf4 {[%clk
01:16:48]} {[%emt 00:00:45]} Ng6 {[%clk 01:08:47]} {[%emt 00:09:35]} 9. O-O-O+
{[%clk 01:15:01]} {[%emt 00:02:17]} Bd7 {[%clk 01:08:57]} {[%emt 00:00:20]} 10.
Bg3 {[%clk 01:13:27]} {[%emt 00:02:05]} Bb4 {[%clk 01:04:56]} {[%emt 00:04:30]}
11. Nd5 {[%clk 01:11:55]} {[%emt 00:02:03]} Nxd5 {[%clk 01:03:27]} {[%emt
00:01:59]} 12. exd5 {[%clk 01:10:22]} {[%emt 00:02:03]} Re8 {[%clk 01:03:05]}
{[%emt 00:00:48]} 13. Nf3 {[%clk 01:09:27]} {[%emt 00:01:29]} Bg4 {[%clk
01:00:48]} {[%emt 00:02:46]} 14. Rd4 {[%clk 01:09:06]} {[%emt 00:00:51]} Bxf3
{[%clk 01:00:04]} {[%emt 00:01:14]} 15. Rxb4 {[%clk 01:08:36]} {[%emt
00:01:00]} Be4 {[%clk 00:51:54]} {[%emt 00:08:38]} 16. Rxb7 {[%clk 01:07:35]}
{[%emt 00:01:34]} Re7 {[%clk 00:51:39]} {[%emt 00:00:44]} 17. c4 {[%clk
01:04:46]} {[%emt 00:03:20]} f5 {[%clk 00:50:34]} {[%emt 00:01:34]} 18. Rb3
{[%clk 00:59:54]} {[%emt 00:05:23]} f4 {[%clk 00:50:43]} {[%emt 00:00:20]} 19.
Bf2 {[%clk 00:59:25]} {[%emt 00:01:00]} Kd7 {[%clk 00:49:38]} {[%emt 00:01:33]}
20. Rg1 {[%clk 00:56:14]} {[%emt 00:03:42]} Ne5 {[%clk 00:47:03]} {[%emt
00:03:04]} 21. Bc5 {[%clk 00:54:48]} {[%emt 00:01:58]} Rf7 {[%clk 00:46:43]}
{[%emt 00:00:49]} 22. g3 {[%clk 00:55:01]} {[%emt 00:00:17]} f3 {[%clk
00:42:14]} {[%emt 00:04:59]} 23. Bh3+ {[%clk 00:53:49]} {[%emt 00:01:42]} Kd8
{[%clk 00:40:35]} {[%emt 00:02:08]} 24. Re3 {[%clk 00:37:49]} {[%emt 00:16:31]}
Nd3+ {[%clk 00:34:12]} {[%emt 00:06:53]} 25. Kd2 {[%clk 00:38:10]} {[%emt
00:00:09]} Nxc5 {[%clk 00:34:14]} {[%emt 00:00:28]} 26. b4 {[%clk 00:38:25]}
{[%emt 00:00:15]} f2 {[%clk 00:34:37]} {[%emt 00:00:07]} 27. Rf1 {[%clk
00:38:40]} {[%emt 00:00:16]} Bd3 {[%clk 00:34:42]} {[%emt 00:00:24]} 28. Rxd3
{[%clk 00:39:03]} {[%emt 00:00:07]} Nxd3 {[%clk 00:35:00]} {[%emt 00:00:12]}
29. Kxd3 {[%clk 00:39:28]} {[%emt 00:00:06]} Rb8 {[%clk 00:34:52]} {[%emt
00:00:36]} 30. a3 {[%clk 00:39:40]} {[%emt 00:00:19]} Ke7 {[%clk 00:29:24]}
{[%emt 00:05:56]} 31. Be6 {[%clk 00:39:01]} {[%emt 00:01:11]} Rf3+ {[%clk
00:29:20]} {[%emt 00:00:34]} 32. Kd4 {[%clk 00:39:08]} {[%emt 00:00:23]} Rbf8
{[%clk 00:29:32]} {[%emt 00:00:17]} 33. c5 {[%clk 00:39:10]} {[%emt 00:00:30]}
Rxa3 {[%clk 00:29:03]} {[%emt 00:00:59]} 34. g4 {[%clk 00:38:12]} {[%emt
00:01:27]} Rb3 {[%clk 00:26:48]} {[%emt 00:02:45]} 35. h4 {[%clk 00:37:42]}
{[%emt 00:01:01]} Rff3 {[%clk 00:25:42]} {[%emt 00:01:34]} 36. Bf5 {[%clk
00:36:03]} {[%emt 00:02:10]} Rxb4+ {[%clk 00:26:00]} {[%emt 00:00:12]} 37. Ke5
{[%clk 00:36:23]} {[%emt 00:00:10]} Re3+ {[%clk 00:26:24]} {[%emt 00:00:06]}
38. Be4 {[%clk 00:36:42]} {[%emt 00:00:11]} Rexe4+ {[%clk 00:26:36]} {[%emt
00:00:19]} 39. Kf5 {[%clk 00:37:03]} {[%emt 00:00:07]} Rf4+ {[%clk 00:26:49]}
{[%emt 00:00:18]} 0-1